'S' movies by characters Quiz Stats

Quiz not verified by Sporcle

Challenge
Share
Tweet
For more 'Movies by characters' quizzes, please visit my profile!
Score 0/24 Timer 10:00
0 Plays Today
Characters Movie Title % Correct
Fiona*, Donkey*, Lord Farquaad*Shrek
98.4%
Mark Zuckerberg, Eduardo Saverin, Sean ParkerThe Social Network
92.3%
James T. Kirk, Dr. Leonard 'Bones' McCoy, Nyota UhuraStar Trek
92.1%
Clarice Starling, Jack Crawford, Jame GumbThe Silence of the Lambs
86.8%
Georg von Trapp, Max Detweiler, MariaThe Sound of Music
81.9%
Andy Dufresne, Ellis 'Red' Redding, Tommy WilliamsThe Shawshank Redemption
78.6%
Lone Star, Princess Vespa, Dark HelmetSpaceballs
77.6%
Norman Osborn, Mary Jane Watson, J. Jonah JamesonSpider-Man
75.8%
Queen Grimhilde*, The Prince*, Humbert the Huntsman*Snow White and the Seven Dwarfs
70.1%
Capt. John Miller, Mike Horvath, James RyanSaving Private Ryan
68.8%
Jack Torrance, Dick Hallorann, Danny TorranceThe Shining
63.3%
Jamal Malik, Latika, Salim MalikSlumdog Millionaire
60.1%
Characters Movie Title % Correct
Scotty Smalls, Benjamin 'Benny the Jet' Rodriguez, Hamilton 'Ham' PorterThe Sandlot
51.9%
Deloris van Cartier, Vince LaRocca, Sister Mary PatrickSister Act
48.3%
Cole Sear, Dr. Malcolm Crowe, Vincent GreyThe Sixth Sense
47.3%
Shaun Riley, Ed, LizShaun of the Dead
44.2%
Jeff Foster, Mac Womack, Rodney FarvaSuper Troopers
32%
Sam Baldwin, Annie Reed, Jonah BaldwinSleepless in Seattle
24.6%
Spats Colombo, 'Sugar' Kane Kowalczyk, Osgood FieldingSome Like it Hot
22%
John Winger, Russell Ziskey, Dewey 'Ox' OxburgerStripes
20.6%
Harold Crick, Ana Pascal, Jules HilbertStranger Than Fiction
18.5%
Don Lockwood, Cosmo Brown, Kathy SeldenSingin' in the Rain
16.7%
Frank Cross, Claire Phillips, Eliot LoudermilkScrooged
7.7%
Charlie McKenzie, Harriet Michaels, Tony GiardinoSo I Married an Axe Murderer
4.5%

You're not logged in!

Compare scores with friends on all Sporcle quizzes.
Join for Free
OR
Log In

You Might Also Like...

Show Comments

Extras

Top Quizzes Today


Score Distribution

Your Account Isn't Verified!

In order to create a playlist on Sporcle, you need to verify the email address you used during registration. Go to your Sporcle Settings to finish the process.

Report this User

Report this user for behavior that violates our Community Guidelines.

Details: